Dua Lipa - Paroles Don't Start Now - Statistiques

Statistiques générales
  • Ce quiz a été pris 57 fois
  • Le résultat moyen est 258 sur 301
Statistiques - réponses
Hint Réponse % Correct
don't
100%
Chorus Don't
100%
(don't
100%
you
100%
(you
100%
I
97%
me
97%
me?
97%
me)
97%
now
97%
now,
97%
now)
97%
start
97%
a
95%
So
95%
so
95%
(so)
95%
Intro | Pré-chorus If
92%
Bridge | Outro Oh,
92%
oh
92%
(oh)
92%
see
92%
wanna
92%
come
89%
dancing
89%
know
89%
some
89%
with
89%
about
86%
all
86%
all,
86%
how
86%
how)
86%
somebody
86%
the
86%
up
86%
up,
86%
up),
86%
Refrain I'm
84%
on,
84%
on
84%
out
84%
out,
84%
out)
84%
show
84%
stop
84%
away,
81%
away
81%
away),
81%
'bout
81%
('bout
81%
to
81%
Walk
81%
(walk
81%
walk
81%
caring
78%
Couplet 1 Did
78%
that
78%
at
76%
believe
76%
could
76%
good
76%
it
76%
who
76%
already
73%
left
73%
anything
70%
time
70%
But
68%
crazy
68%
not
68%
side
68%
Thinking
68%
was
68%
way
68%
where
68%
guy
65%
Hurt
65%
look
65%
scary
65%
tried
65%
change
62%
Maybe
62%
other
62%
ended
59%
"goodbye"?
59%
heartbreak
59%
it's
59%
Couplet 2 Aren't
57%
full
57%
moved
57%
word
57%
better
54%
survive
54%
took
51%
180,
43%
Though
35%
Aucun quiz correspondant
Distribution des résultats
% des personnes avec chaque résultat
Percentile par nombre de réponses
Votre historique - résultats
Vous n’avez pas pris ce quiz